| 000 | 00366nam a22001457a 4500 | ||
|---|---|---|---|
| 005 | 20240110130035.0 | ||
| 008 | 190918b xxu||||| |||| 00| 0 eng d | ||
| 020 | _a81-256-0093-0 | ||
| 041 | _aeng | ||
| 100 |
_aAGARWAL,DR. S.P. AND KHANNA, RAJESH _98384 |
||
| 245 | _aPHARMACEUTICS- I | ||
| 260 |
_aDELHI _bBIRLA PUBLICATION PVT.LTD |
||
| 300 | _a279p, | ||
| 942 | _cBK | ||
| 999 |
_c6013 _d6011 |
||